| 000 | 00850nam a2200253 a 4500 | ||
|---|---|---|---|
| 005 | 20240925065401.0 | ||
| 008 | 991125s1998 mx 000 0 spa u | ||
| 020 | _a9682309549 | ||
| 035 | _aUPN01000009035 | ||
| 049 | _aCG | ||
| 050 | 4 |
_aJC330 _bT5.28 1998 |
|
| 100 | 1 |
_aTherborn, Gôran, _d1941- _934327 |
|
| 245 | 1 | 1 |
_a¿Como domina la clase dominante? : _baparatos del estado y poder estatal en el feudalismo, el capitalismo y el socialismo / _cGôran Therborn ; tr. Jesús Fomperosa. |
| 250 | _a6a ed. | ||
| 260 |
_aMéxico : _bSiglo XXI, _c1998. |
||
| 300 | _a360 p. | ||
| 440 | 0 | _aSociología y política | |
| 534 |
_atraducción de: _tWhat does the ruling class do when it rules? |
||
| 650 | 4 |
_aPoder (Ciencias sociales) _91203 |
|
| 650 | 4 |
_aCapitalismo _96436 |
|
| 650 | 4 |
_aEstado _96019 |
|
| 650 | 4 |
_aSocialismo _97360 |
|
| 905 | _aLibro | ||
| 999 |
_c9035 _d9035 |
||